Luxor Roman Wall Paintings

محفوظ في:

مؤلف مشترك: The American Research Center in Egypt (ARCE)

مؤلفون آخرون: Jones, Michael (مدير المشروع)

التنسيق: كتاب

اللغة: English

الموضوعات:

الوصول للمادة أونلاين: Login to view Source

الوسوم: إضافة وسم

لا توجد وسوم, كن أول من يضع وسما على هذه التسجيلة!

رقم الطلب:

LEADER 01745nam a22002297a 4500
003 OSt
005 20220724202353.0
008 220724b ||||| |||| 00| 0 eng d
952 |0 0  |1 0  |2 lcc  |4 0  |7 1  |9 41916  |a ARCE  |b ARCE  |d 2022-07-24  |l 0  |o https://archives.arce.org/?f%5Bcollection_facet%5D%5B%5D=Luxor+Roman+Wall+Paintings  |r 2022-07-24 00:00:00  |w 2022-07-24  |y PT 
999 |c 48855  |d 48855 
245 |a Luxor Roman Wall Paintings  
264 |a Luxor,   |c 2008 
505 |r Amenhotep III was responsible for constructing the greater part of the present Luxor Temple around 1400 BC. Under Diocletian, Emperor of Rome, 245-313 AD, the first Tetrarchy transformed the temple site, including one of the temple’s offering halls into what is now known as the imperial cult chamber. In the 2000s, the American Research Center in Egypt (ARCE), with the support of the Egyptian Ministry of Tourism and Antiquities (formerly the Egyptian Supreme Council of Antiquities), conducted several site visits to Luxor to extensively document the grounds and undertake conversation efforts for the Roman frescoes present in that chamber. 
508 |a Conservation of the monument was funded through the American Research Center in Egypt's Egyptian Antiquities Conservation Project (ARCE-EAC) United States Agency for International Development (USAID) Agreement No. 263-A-00-04-00018-00. 
610 |a Amenhotep III 
650 |a Conservation and restoration  |z Luxor  |z Egypt 
650 |a Moral painting and decoration,Roman  |z Luxor  |z Egypt 
700 |a Jones, Michael   |e Project Director 
710 |a The American Research Center in Egypt (ARCE) 
856 4 0 |u https://archives.arce.org/?f%5Bcollection_facet%5D%5B%5D=Luxor+Roman+Wall+Paintings 
901 |a reviewed 
942 |2 lcc  |c PT